ՀՀ Գիտությունների ազգային ակադեմիայի հիմնարար գիտական գրադարան  =   Fundamental Scientific Library of NAS RA

Пособие к клиническому исследованию больного / (Record no. 244556)

MARC details
000 -LEADER
fixed length control field 00813nam a2200205 u 4500
001 - CONTROL NUMBER
control field 000596024
003 - CONTROL NUMBER IDENTIFIER
control field AM-YeHGA
005 - DATE AND TIME OF LATEST TRANSACTION
control field 20250617141741.0
008 - FIXED-LENGTH DATA ELEMENTS--GENERAL INFORMATION
fixed length control field 080826s1959 ||| r 000 0 rus d
040 ## - CATALOGING SOURCE
Original cataloging agency AM-YeHGA
041 0# - LANGUAGE CODE
Language code of text/sound track or separate title rus
090 ## - LOCALLY ASSIGNED LC-TYPE CALL NUMBER (OCLC); LOCAL CALL NUMBER (RLIN)
-- 246141
100 1# - MAIN ENTRY--PERSONAL NAME
Personal name Зайцева, Елена Ивановна
245 10 - TITLE STATEMENT
Title Пособие к клиническому исследованию больного /
Statement of responsibility, etc. Е.И. Зайцева, П.Н. Степанов.
250 ## - EDITION STATEMENT
Edition statement 2-е изд., доп. и пересмотр.
260 ## - PUBLICATION, DISTRIBUTION, ETC.
Place of publication, distribution, etc. Смоленск :
Name of publisher, distributor, etc. Смоленск. кн. изд-во,
Date of publication, distribution, etc. 1959.
300 ## - PHYSICAL DESCRIPTION
Extent 192 с. :
Other physical details [4] л. ил., ил.
653 0# - INDEX TERM--UNCONTROLLED
Uncontrolled term Клиническое исследование больных - Пособие
700 1# - ADDED ENTRY--PERSONAL NAME
Personal name Степанов, Павел Николаевич
Holdings
Withdrawn status Lost status Damaged status Not for loan Collection Home library Current library Date acquired Total checkouts Full call number Barcode Date last seen Price effective from Koha item type Public note
        General Fundamental Scientific Library Fundamental Scientific Library 28/12/2016   PI/809 FL0071391 28/12/2016 28/12/2016 Գրքեր / Books 30 Days Loan


ՀՀ ԳԱԱ հիմնարար գիտական գրադարան
ՀՀ,Երևան 0019
Մարշալ Բաղրամյան 24/6
հեռախոս:(374-10) 52-47-50
Հետադարձ կապ

All site content, except where otherwise noted, is licensed under a
Creative Commons License